Can you Name the movie by it's villain? Quiz Stats

 Plays Quiz not verified by Sporcle

Score 0/20 Timer 05:00
0 Plays Today
Villain Movie % Correct
The JokerThe Dark Knight
99.1%
Freddy KruegerA Nightmare on Elm Street
96.5%
Dr. Hannibal LecterThe Silence of the Lambs
94.8%
Michael MyersHalloween
92.2%
JigsawSaw
92.2%
Cruella De Vil101 Dalmatians
89.6%
Norman BatesPsycho
89.6%
Jason VoorheesFriday the 13th
85.2%
SauronLord of the rings
83.5%
Hans GruberDie Hard
83.5%
Villain Movie % Correct
Jack TorranceThe Shining
80%
Leatherface/Leather FaceThe Texas Chainsaw Massacre
80%
Nurse RatchedOne Flew Over the Cuckoo's Nest
80%
Keyser SözeThe usual suspects
77.4%
Pennywise It
73%
PinheadHellraiser
68.7%
Tom Marvolo RiddleHarry Potter
68.7%
SyndromeThe Incredibles
64.3%
Randall BoggsMonsters inc
51.3%
Sid PhillipsToy Story
47.8%

You're not logged in!

Compare scores with friends on all Sporcle quizzes.
OR
Log In

Show Comments

Extras

Created Feb 16, 2012ReportNominate
Tags:Movie Titles Quiz, villains

Top Quizzes Today


Score Distribution

Your Account Isn't Verified!

In order to create a playlist on Sporcle, you need to verify the email address you used during registration. Go to your Sporcle Settings to finish the process.

Report this User

Report this user for behavior that violates our Community Guidelines.

Details: